[Event "Konnerud NGP"]
[Site "Konnerud"]
[Date "2019.11.23"]
[Round "2"]
[White "Elmi, Saad Abobaker"]
[Black "Engedal, Jo Fronsdal"]
[Result "1-0"]
[WhiteElo "1612"]
[BlackElo "1480"]
[PlyCount "71"]
[EventDate "2019.11.23"]
[EventType "swiss"]
[EventRounds "5"]
[EventCountry "NOR"]
[SourceTitle "EXT 2024"]
[Source "ChessBase"]
[SourceDate "2023.10.10"]
[SourceVersion "1"]
[SourceVersionDate "2023.10.10"]
[SourceQuality "1"]

1. e4 c5 2. Nf3 e6 3. d4 cxd4 4. Nxd4 a6 5. c4 e5 6. Nf5 d6 7. Nc3 Bxf5 8. exf5 Nf6 9. Be3 Nc6 10. g4 h6 11. Rg1 Be7 12. Qd2 Rc8 13. h4 h5 14. g5 Ng4 15. Nd5 Nxe3 16. fxe3 e4 17. Be2 Ne5 18. 0-0-0 Nxc4 19. Bxc4 Rxc4+ 20. Kb1 f6 21. g6 Rc5 22. Nf4 Qa5 23. Ne6 Qxd2 24. Rxd2 Re5 25. Rc2 Bd8 26. Rc8 Kd7 27. Rgc1 Rxf5 28. Nxg7 Rc5 29. R8xc5 dxc5 30. Rd1+ Kc6 31. Nf5 Kc7 32. g7 Rg8 33. Rg1 Kd7 34. Nh6 Rxg7 35. Rxg7+ Kc6 36. Nf5 1-0

[Event "Konnerud NGP B"]
[Site "Konnerud"]
[Date "2018.12.02"]
[Round "4"]
[White "Engedal, Jo Fronsdal"]
[Black "Brattgjerd, Isak Vinh"]
[Result "0-1"]
[WhiteElo "1390"]
[BlackElo "1528"]
[PlyCount "74"]
[EventDate "2018.12.01"]
[EventType "swiss"]
[EventRounds "5"]
[EventCountry "NOR"]
[SourceTitle "EXT 2024"]
[Source "ChessBase"]
[SourceDate "2023.10.10"]
[SourceVersion "1"]
[SourceVersionDate "2023.10.10"]
[SourceQuality "1"]

1. e4 c5 2. Nf3 Nc6 3. Bb5 e6 4. Bxc6 bxc6 5. 0-0 d5 6. d3 Nf6 7. Bg5 Be7 8. Nc3 0-0 9. Re1 h6 10. Bh4 Nd7 11. Bxe7 Qxe7 12. exd5 cxd5 13. Nxd5 Qd6 14. Nc3 Bb7 15. Ne4 Qc7 16. Qd2 Rfd8 17. Qc3 Rac8 18. Nfd2 Nb6 19. Nb3 c4 20. Nd4 cxd3 21. cxd3 Qd7 22. Nc5 Qd5 23. Nxb7 Rxc3 24. Nxd8 Rxd3 25. N8c6 Kh7 26. f3 Rxd4 27. Nxd4 Qxd4+ 28. Kh1 Qxb2 29. a4 Nd5 30. Rab1 Qc2 31. Rb7 Nf4 32. Rg1 Qxa4 33. Rxf7 a5 34. g3 Nh3 35. Re1 Qa2 36. f4 Qf2 37. Rc1 Qf3# 0-1

[Event "Stjernen NGP B"]
[Site "Oslo"]
[Date "2018.06.10"]
[Round "5"]
[White "Thingstad, Tormod"]
[Black "Engedal, Jo Fronsdal"]
[Result "1-0"]
[WhiteElo "1410"]
[BlackElo "1297"]
[PlyCount "51"]
[EventDate "2018.06.08"]
[EventType "swiss"]
[EventRounds "6"]
[EventCountry "NOR"]
[SourceTitle "EXT 2024"]
[Source "ChessBase"]
[SourceDate "2023.10.10"]
[SourceVersion "1"]
[SourceVersionDate "2023.10.10"]
[SourceQuality "1"]

1. d4 Nf6 2. c4 g6 3. Nc3 Bg7 4. Nf3 d6 5. e3 0-0 6. Bd3 c5 7. 0-0 Bg4 8. h3 Bxf3 9. Qxf3 Nc6 10. dxc5 Ne5 11. Qe2 Nxd3 12. Qxd3 dxc5 13. Qe2 Qc7 14. Rd1 Rfd8 15. Rxd8+ Rxd8 16. Bd2 Qd6 17. Rd1 Ne8 18. Nb5 Qb6 19. b3 Nd6 20. Nc3 e6 21. e4 Qa5 22. Qe1 Bd4 23. Na4 Qc7 24. Nc3 e5 25. Nd5 Qc8 26. Ne7+ 1-0

[Event "Stjernen NGP B"]
[Site "Oslo"]
[Date "2018.06.09"]
[Round "3"]
[White "Unneland, Arne"]
[Black "Engedal, Jo Fronsdal"]
[Result "1-0"]
[WhiteElo "1614"]
[BlackElo "1297"]
[PlyCount "99"]
[EventDate "2018.06.08"]
[EventType "swiss"]
[EventRounds "6"]
[EventCountry "NOR"]
[SourceTitle "EXT 2024"]
[Source "ChessBase"]
[SourceDate "2023.10.10"]
[SourceVersion "1"]
[SourceVersionDate "2023.10.10"]
[SourceQuality "1"]

1. e4 d5 2. exd5 Qxd5 3. Nc3 Qa5 4. d3 c6 5. Be2 Bf5 6. Nf3 Nf6 7. 0-0 e6 8. a3 Bd6 9. Nh4 Qe5 10. f4 Qd4+ 11. Kh1 h5 12. Nxf5 exf5 13. Bf3 Bxf4 14. Bxc6+ Nxc6 15. Bxf4 0-0 16. Qf3 Rfe8 17. Nb5 Qxb2 18. Rab1 Qxc2 19. Nc7 Nd4 20. Qd1 Qxd1 21. Rfxd1 Ne2 22. Rf1 Rac8 23. Nxe8 Rxe8 24. Rbe1 Nd5 25. Bd2 Nf6 26. Rxf5 Ng4 27. g3 g6 28. Rff1 Kf8 29. h3 Nxg3+ 30. Kg2 Nxf1 31. Bb4+ Kg7 32. Rxe8 Nge3+ 33. Kf2 Kf6 34. Bc5 Nd5 35. Kxf1 b6 36. Bd4+ Kg5 37. Re5+ Kh4 38. Rxd5 Kxh3 39. Bf6 Kg4 40. Kf2 h4 41. Rg5+ Kf4 42. d4 h3 43. d5 h2 44. Kg2 Ke4 45. d6 Kd3 46. d7 Kc4 47. d8Q Kb3 48. Qd1+ Kc4 49. Qd4+ Kb3 50. Rb5+ 1-0

[Event "Stjernen NGP B"]
[Site "Oslo"]
[Date "2018.06.08"]
[Round "2"]
[White "Engedal, Jo Fronsdal"]
[Black "Budde, Bent Fredrik"]
[Result "1-0"]
[WhiteElo "1297"]
[BlackElo "1379"]
[PlyCount "55"]
[EventDate "2018.06.08"]
[EventType "swiss"]
[EventRounds "6"]
[EventCountry "NOR"]
[SourceTitle "EXT 2024"]
[Source "ChessBase"]
[SourceDate "2023.10.10"]
[SourceVersion "1"]
[SourceVersionDate "2023.10.10"]
[SourceQuality "1"]

1. e4 c5 2. Nf3 Nc6 3. c3 e6 4. d4 cxd4 5. cxd4 d5 6. e5 Bb4+ 7. Nc3 Nge7 8. Bg5 0-0 9. Bd3 Qb6 10. a3 Ba5 11. b4 Bxb4 12. axb4 Qxb4 13. Qc2 Nf5 14. Bxf5 exf5 15. Be3 f4 16. Bxf4 Nxd4 17. Nxd4 Qxd4 18. Qd2 Qxd2+ 19. Bxd2 d4 20. Nd5 Be6 21. Nc7 Rac8 22. Nxe6 fxe6 23. Rxa7 Rb8 24. 0-0 b5 25. Rb1 Rf5 26. f4 g5 27. fxg5 Rxe5 28. Bf4 1-0

[Event "Oslo Stjernen op B"]
[Site "Oslo"]
[Date "2017.06.18"]
[Round "6"]
[White "Omre, Christian"]
[Black "Engedal, Jo Fronsdal"]
[Result "1/2-1/2"]
[WhiteElo "1012"]
[BlackElo "894"]
[PlyCount "70"]
[EventDate "2017.06.16"]
[EventType "swiss"]
[EventRounds "6"]
[EventCountry "NOR"]
[SourceTitle "EXT 2024"]
[Source "ChessBase"]
[SourceDate "2023.10.10"]
[SourceVersion "1"]
[SourceVersionDate "2023.10.10"]
[SourceQuality "1"]

1. d4 Nf6 2. Bf4 e6 3. e3 c5 4. c3 Nc6 5. Nf3 d5 6. Nbd2 Bd6 7. Bg3 0-0 8. Bd3 cxd4 9. exd4 Re8 10. Bxd6 Qxd6 11. 0-0 e5 12. dxe5 Nxe5 13. Nxe5 Rxe5 14. Nf3 Re8 15. Qc2 Bg4 16. Nd4 a6 17. Rae1 h6 18. h3 Bd7 19. Re2 Rxe2 20. Nxe2 Re8 21. Ng3 Kh8 22. Qd1 d4 23. Nf5 Bxf5 24. Bxf5 Rd8 25. cxd4 Qxd4 26. Qb3 Qd5 27. Qb6 Rd6 28. Qc7 Ne8 29. Qe7 Qxf5 30. Qxe8+ Kh7 31. Qe7 Qe6 32. Re1 Qxe7 33. Rxe7 Re6 34. Rxe6 fxe6 35. f4 Kg6 1/2-1/2

[Event "Oslo Stjernen op B"]
[Site "Oslo"]
[Date "2017.06.17"]
[Round "3"]
[White "Somhovd, Julie"]
[Black "Engedal, Jo Fronsdal"]
[Result "0-1"]
[WhiteElo "744"]
[BlackElo "894"]
[PlyCount "40"]
[EventDate "2017.06.16"]
[EventType "swiss"]
[EventRounds "6"]
[EventCountry "NOR"]
[SourceTitle "EXT 2024"]
[Source "ChessBase"]
[SourceDate "2023.10.10"]
[SourceVersion "1"]
[SourceVersionDate "2023.10.10"]
[SourceQuality "1"]

1. e4 e5 2. Nf3 Nc6 3. d4 exd4 4. Bc4 Nf6 5. e5 d5 6. Bb5 Nd7 7. Bxc6 bxc6 8. Nxd4 Nxe5 9. Qe2 Qe7 10. f4 Ng6 11. Qxe7+ Bxe7 12. Nxc6 0-0 13. 0-0 Bc5+ 14. Kh1 Ba6 15. Rd1 Rfe8 16. g3 Bb7 17. Na5 Ba6 18. Nb3 Be2 19. Rd2 Bf3+ 20. Rg2 Re1# 0-1

[Event "Oslo Stjernens op B"]
[Site "Oslo"]
[Date "2016.03.12"]
[Round "2"]
[White "Omre, Christian"]
[Black "Engedal, Jo Fronsdal"]
[Result "0-1"]
[WhiteElo "1400"]
[BlackElo "1097"]
[PlyCount "26"]
[EventDate "2016.03.11"]
[EventType "swiss"]
[EventRounds "5"]
[EventCountry "NOR"]
[SourceTitle "EXT 2023"]
[Source "ChessBase"]
[SourceDate "2022.10.05"]
[SourceVersion "1"]
[SourceVersionDate "2022.10.05"]
[SourceQuality "1"]

1. d4 d5 2. Bf4 Nf6 3. Nf3 Bf5 4. e3 Nc6 5. Bd3 Bxd3 6. Qxd3 e6 7. Nbd2 Bd6 8. Bg3 Nb4 9. Qb3 a5 10. a4 Bxg3 11. hxg3 Qd6 12. Ne5 c5 13. Nb1 c4 0-1